Uszczelnienia techniczne : (Rekord nr 49156)
| 000 -ETYKIETA REKORDU | |
|---|---|
| podpole kontrolne o stałej długości | 00665nam a2200241 i 4500 |
| 001 - NUMER KONTROLNY REKORDU | |
| pole kontrolne | bg |
| 020 ## - MIĘDZYNARODOWY ZNORMALIZOWANY NUMER KSIĄŻKI - ISBN | |
| ISBN | 9788392759980 |
| 040 ## - ŹRÓDŁO KATALOGOWANIA | |
| Instytucja, która utworzyła rekord | BPK |
| 041 0# - KOD JĘZYKA | |
| Kod języka tekstu | pol |
| 044 ## - KOD KRAJU WYDAWCY/PRODUCENTA | |
| Kod kraju wydawcy/producenta | POL |
| 920 ## - Międzynarodowy znormalizowany numer książki – ISBN | |
| ISBN | 978-83-927599-8-0 |
| 008 - POLE O STAŁEJ DŁUGOŚCI - DANE KONTROLNE | |
| podpole kontrolne o stałej długości | s pl f |000 0 pol |
| 245 00 - TYTUŁ/ODPOWIEDZIALNOŚĆ | |
| Tytuł | Uszczelnienia techniczne : |
| Ciąg dalszy tytułu | CX machine parts / |
| Pozostałe elementy strefy tytułu i oznaczenia odpowiedzialności | [oprac. Jacek Wysocki]. |
| 260 ## - STREFA ADRESU WYDAWNICZEGO | |
| Miejsce wydania | [S.l.] : |
| Nazwa wydawcy/dystrybutora | Complex, |
| Data publikacji, dystrybucji/powstania dokumentu | cop. 2008. |
| 300 ## - STREFA OPISU FIZYCZNEGO | |
| Objętość | 431 s. : |
| Inne cechy fizyczne | il. kolor. ; |
| Rozmiary | 26 cm. |
| 500 ## - UWAGI OGÓLNE | |
| Tekst uwagi | Tyt. wg okł. |
| 500 ## - UWAGI OGÓLNE | |
| Tekst uwagi | Na okł.: ISO 9001:2000. |
| 650 #9 - HASŁO PRZEDMIOTOWE W FORMIE NAZWY OGÓLNEJ LUB JEDNOSTKOWEJ | |
| Nazwa ogólna lub geograficzna | Uszczelnienia |
| Określnik ogólny | zagadnienia |
| 650 #9 - HASŁO PRZEDMIOTOWE W FORMIE NAZWY OGÓLNEJ LUB JEDNOSTKOWEJ | |
| Nazwa ogólna lub geograficzna | Uszczelnienia |
| Określnik ogólny | wyroby |
| 655 ## - TERMIN INDEKSOWY - OKREŚLENIE RODZAJU/FORMY DOKUMENTU | |
| Określenie rodzaju/formy dokumentu | Katalogi |
| 700 1# - HASŁO DODATKOWE - NAZWA OSOBOWA | |
| Nazwa osobowa | Wysocki, Jacek. |
| Określenie związku między hasłem a opisywanym materiałem | Oprac. |
| 856 ## - LOKALIZACJA I DOSTĘP DO ELEKTRONICZNYCH DOKUMENTÓW ZDALNYCH | |
| Link (URL) | http://koha.tu.koszalin.pl/cgi-bin/koha/opac-detail.pl?biblionumber=49156 |
| Tekst linku | Katalog online BPK |
| 942 ## - DODATKOWE ELEMENTY (KOHA) | |
| Typ dokumentu | Katalog |
| Wycofany | Status egzemplarza | Uszkodzony | Dostępność | Lokalizacja stała | Lokalizacja bieżąca | Miejsce przechowywania | Sygnatura | Kod kreskowy | Dział | Typ dokumentu |
|---|---|---|---|---|---|---|---|---|---|---|
| Tylko na miejscu | Biblioteka Politechniki Koszalińskiej | Biblioteka Politechniki Koszalińskiej | Czytelnia BG | KC 3552 | 02400518 | 621 Ogólna budowa maszyn | Katalog | |||
| Dostępny | Biblioteka Politechniki Koszalińskiej | Biblioteka Politechniki Koszalińskiej | Wypożyczalnia BG | KC 3553 | 02400501 | Katalog |
